000 00449 a2200157 4500
999 _c9398
_d9398
020 _a9004139346
050 _aKF4750 HUM 2004
100 _aHeyns, Christof
_eeditor
245 _aHuman rights law in Africa /
_cChristof Heyns
264 _aBoston :
_bMartinus Nijhoff,
_c2004
300 _a1735p.
_bill.
500 _aIncludes bibliographical references and index
650 _aHuman rights Law
651 _aAfrica
942 _2lcc
_cBK
_h4750
_iHUM
_kKF